| 000 | 00929cam a2200289 i 4500 | ||
|---|---|---|---|
| 001 | 41960 | ||
| 003 | Mx-PuUPA | ||
| 005 | 20240918105550.0 | ||
| 008 | 140415s1964 mx gr 000 f spa d | ||
| 040 |
_cMx-PuUPA _aMx-PuUPA _bspa _dMx-PuUPA _erda |
||
| 041 | 0 | _aspa | |
| 100 | 1 |
_aSpota, Luis, _d1925-1985 _97734 _eautor |
|
| 245 | 1 | 3 |
_aLa pequeña edad / _cpor Luis Spota |
| 250 | _aPrimera edición | ||
| 264 | 1 |
_aMéxico, D.F : _bFondo de Cultura Económica, _c©1964 |
|
| 300 |
_a525 páginas : _c18 cm |
||
| 336 |
_2rdacontent _atexto _btxt |
||
| 337 |
_2rdamedia _asin medio _bn |
||
| 338 |
_2rdacarrier _avolumen _bnc |
||
| 490 | 0 |
_aLetras mexicanas ; _v77 |
|
| 651 | 4 |
_aMéxico _xHistoria _y1910-1946 _vNovela |
|
| 655 | 7 |
_2armarc _aNovela histórica mexicana |
|
| 942 |
_2ddc _cLI _h863 _iS763 |
||
| 999 |
_c41960 _d41960 |
||